Entre la realidad y el sueño: la construcción de una arquitectura financiera sudamericana /

En el texto se menciona que en diciembre del 2007,los presidentes de Argentina, Brasil, Venezuela, Ecuador, Uruguay y Paraguay anunciaron la creación del Banco del Sur, con un capital inicial de 10000 millones de dólares. La iniciativa forma parte de los esfuerzos para avanzar en la construcción de...

Ausführliche Beschreibung

Gespeichert in:
Bibliographische Detailangaben
1. Verfasser: Ugarteche, Oscar
Format: Text
Schlagworte:
Tags: Tag hinzufügen
Keine Tags, Fügen Sie den ersten Tag hinzu!

MARC

LEADER 00000 a a2200000 04500
001 10921
003
040
100 |a Ugarteche, Oscar  
245 |a Entre la realidad y el sueño: la construcción de una arquitectura financiera sudamericana /  |c Oscar Ugarteche 
520 |a En el texto se menciona que en diciembre del 2007,los presidentes de Argentina, Brasil, Venezuela, Ecuador, Uruguay y Paraguay anunciaron la creación del Banco del Sur, con un capital inicial de 10000 millones de dólares. La iniciativa forma parte de los esfuerzos para avanzar en la construcción de una arquitectura financiera suramericana que, además, incluya una unidad monetaria. El artículo analiza los problemas que ya han comenzado a aparecer, vinculados a las asimetrías entre los países de la región, y sugiere mirar los ejemplos de Asia y Europa para encontrar un camino adecuado que permita avanzar en la articulación financiera de la región  
650 |a ASPECTOS ECONOMICOS  
650 |a ASPECTOS FINANCIEROS  
650 |a ESTRUCTURA ECONOMICA  
650 |a SISTEMAS MONETARIOS  
650 |a BANCOS  
650 |a AMERICA DEL SUR  
773 |g número 217; páginas 14-23  
999 |c 21590  |d 21590